000
003030000a22001450004500
003
MACL
040
_a
MACL
090
_c
34537
_d
34535
100
_a
Puri G L
245
_a
Khan Abdul Ghaffar Khan
260
_b
Congress Centenary
_c
1987
350
_a
35
650
_a
Biography
942
_c
BOOK
_k
920/Pur
999
_c
34172
_d
34172